Statistics for Chopin's Etudes

Click here to take the quiz!

General Stats

  • This quiz has been taken 217 times
  • The average score is 17 of 24

Answer Stats

HintAnswer% Correct
op. 10, no. 1C major
93%
op. 10, no. 7C major
93%
op. 25, no. 11A minor
86%
op. 25, no. 4A minor
86%
op. 10, no. 2A minor
86%
op. 10, no. 12C minor
86%
op. 25, no. 12C minor
86%
op. 10, no. 4C-sharp minor
80%
op. 25, no. 7C-sharp minor
80%
op. 10, no. 3E major
73%
op. 25, no. 3F major
73%
op. 10, no. 8F major
73%
op. 25, no. 2F minor
72%
op. 10, no. 9F minor
72%
op. 25, no. 5E minor
70%
op. 25, no. 10B minor
65%
op. 10, no. 10A-flat major
60%
op. 25, no. 1A-flat major
60%
op. 10, no. 5G-flat major
56%
op. 25, no. 9G-flat major
56%
op. 10, no. 11E-flat major
53%
op. 10, no. 6E-flat minor
48%
op. 25, no. 6G-sharp minor
42%
op. 25, no. 8D-flat major
38%

Score Distribution

Percentile by Number Answered

Percent of People with Each Score

Your Score History

You have not taken this quiz